| 000 | 01020nac a22003137a 4500 | ||
|---|---|---|---|
| 001 | BR9703026 | ||
| 003 | BR-BrBNA | ||
| 005 | 20240105121923.0 | ||
| 008 | 230509b bl.|||m| |||| 00| 0 por d | ||
| 040 |
_aBR-BrBNA _bpor _cBiblioteca Nacional de Agricultura |
||
| 072 | _aE14; E50 | ||
| 090 | _aE14 BR9703026 | ||
| 100 | 1 | _aBarros, R.P. de | |
| 100 | 1 | _aMachado, A.F. | |
| 100 | 1 | _aMendonca, R.S.P. de | |
| 110 | 1 |
_aInstituto de Pesquisa Economica Aplicada, Rio de Janeiro, RJ (Brasil) _96126 |
|
| 245 | 1 | _aA desigualdade da pobreza: estrategias ocupacionais e diferenciais por genero | |
| 260 | 3 |
_aRio de Janeiro, RJ (Brasil): _c1997. |
|
| 300 | _a47 p. | ||
| 490 |
_aTexto para Discussao - Instituto de Pesquisa Economica Aplicada (Brazil) _vno. 453 _x |
||
| 500 | _a20 graphs | ||
| 650 | _aDesenvolvimento Social | ||
| 650 | _aPobreza Rural | ||
| 650 | _aNivel de Vida | ||
| 650 | _aBaixa Renda | ||
| 650 | _aEducacao | ||
| 909 |
_a202312 _bLúcia Elande _c55 _dLúcia Elande |
||
| 942 |
_2AGRIS _n0 _cMS |
||
| 999 |
_c288234 _d288234 |
||